| 000 -LEADER | |
|---|---|
| fixed length control field | 00432nam a22001697a 4500 |
| 005 - DATE AND TIME OF LATEST TRANSACTION | |
| control field | 20260122110502.0 |
| 008 - FIXED-LENGTH DATA ELEMENTS--GENERAL INFORMATION | |
| fixed length control field | 160701b xxu||||| |||| 00| 0 eng d |
| 020 ## - INTERNATIONAL STANDARD BOOK NUMBER | |
| ISBN | 978-93-5014-090-1 |
| 041 ## - LANGUAGE CODE | |
| Language code of text/sound track or separate title | eng |
| 082 ## - DEWEY DECIMAL CLASSIFICATION NUMBER | |
| Classification number | 004.22 |
| 100 ## - MAIN ENTRY--AUTHOR NAME | |
| Personal name | Goyal, Sweety & Other |
| 245 ## - TITLE STATEMENT | |
| Title | Computer Oragnisation with Architecture |
| 260 ## - PUBLICATION, DISTRIBUTION, ETC. (IMPRINT) | |
| Name of publisher | S.K. Kataria & Sons |
| Year of publication | 2012 |
| 300 ## - PHYSICAL DESCRIPTION | |
| Number of Pages | 224 |
| 650 ## - SUBJECT ADDED ENTRY--TOPICAL TERM | |
| Topical Term | Information Technology |
| 942 ## - ADDED ENTRY ELEMENTS (KOHA) | |
| Koha item type | Books |
| Lost status | Damaged status | Collection code | Home library | Current library | Shelving location | Date acquired | Cost, normal purchase price | Full call number | Accession Number | Koha item type | Source of acquisition |
|---|---|---|---|---|---|---|---|---|---|---|---|
| CS/IT | JRU Library | JRU Library | SHELF-52-F | 01/07/2016 | 150.00 | 004.22 | 18178 | Books | |||
| CS/IT | JRU Library | JRU Library | SHELF-52-F | 01/07/2016 | 150.00 | 004.22 | 18179 | Books | |||
| JRU Library | 01/07/2016 | 150.00 | 18178 | 18180 | Books | ||||||
| CS/IT | JRU Library | JRU Library | SHELF-52-F | 01/07/2016 | 150.00 | 004.22 | 18181 | Books | |||
| CS/IT | JRU Library | JRU Library | SHELF-49-C | 01/07/2016 | 150.00 | 004.22 | 18182 | Books | PURCHASE | ||
| CS/IT | JRU Library | JRU Library | SHELF-49-C | 01/07/2016 | 150.00 | 004.22 | 18183 | Books | PURCHASE | ||
| CS/IT | JRU Library | JRU Library | SHELF-52-F | 01/07/2016 | 150.00 | 004.22 | 18184 | Books | |||
| CS/IT | JRU Library | JRU Library | SHELF-52-F | 01/07/2016 | 150.00 | 004.22 | 18185 | Books | |||
| CS/IT | JRU Library | JRU Library | SHELF-49-C | 01/07/2016 | 150.00 | 004.22 | 18186 | Books | PURCHASE | ||
| CS/IT | JRU Library | JRU Library | SHELF-49-C | 01/07/2016 | 150.00 | 004.22 | 18187 | Books | PURCHASE | ||
| CS/IT | JRU Library | JRU Library | SHELF-49-C | 01/07/2016 | 150.00 | 004.22 | 18188 | Books | PURCHASE | ||
| CS/IT | JRU Library | JRU Library | SHELF-52-F | 01/07/2016 | 150.00 | 004.22 | 18189 | Books | |||
| CS/IT | JRU Library | JRU Library | SHELF-52-F | 01/07/2016 | 150.00 | 004.22 | 18190 | Books |